[Event "Vojvodina-chT 2nd League"]
[Site "Stari Banovci"]
[Date "2013.11.08"]
[Round "7"]
[White "Dimitrijevic, Nenad"]
[Black "Onjin, Branko"]
[Result "1-0"]
[WhiteElo "2197"]
[BlackElo "1987"]
[PlyCount "40"]
[EventDate "2013.11.03"]
[EventType "team-tourn"]
[EventRounds "11"]
[EventCountry "SRB"]
[SourceTitle "EXT 2015"]
[Source "ChessBase"]
[SourceDate "2014.11.20"]
[SourceVersion "1"]
[SourceVersionDate "2014.11.20"]
[SourceQuality "1"]

1. e4 e6 2. d4 d5 3. Nc3 Bb4 4. exd5 exd5 5. Bd3 Nf6 6. Bg5 0-0 7. Nge2 h6 8. Bh4 c6 9. 0-0 Bd6 10. Bg3 Qc7 11. Qd2 Bxg3 12. Nxg3 b5 13. Nd1 Re8 14. a4 bxa4 15. Rxa4 Nbd7 16. Nc3 Nf8 17. Rfa1 N6d7 18. b3 Ng6 19. h3 Ne7 20. Nh5 c5 1-0

[Event "Vojvodina-chT 2nd League"]
[Site "Stari Banovci"]
[Date "2013.11.07"]
[Round "6"]
[White "Jesenski, Tibor"]
[Black "Onjin, Branko"]
[Result "1-0"]
[WhiteElo "2328"]
[BlackElo "1987"]
[PlyCount "63"]
[EventDate "2013.11.03"]
[EventType "team-tourn"]
[EventRounds "11"]
[EventCountry "SRB"]
[SourceTitle "EXT 2015"]
[Source "ChessBase"]
[SourceDate "2014.11.20"]
[SourceVersion "1"]
[SourceVersionDate "2014.11.20"]
[SourceQuality "1"]

1. c4 Nf6 2. Nc3 d5 3. cxd5 Nxd5 4. g3 g6 5. Bg2 Nxc3 6. bxc3 Bg7 7. h4 c6 8. h5 Nd7 9. hxg6 hxg6 10. Rxh8+ Bxh8 11. Nh3 Bg7 12. Qa4 Nf6 13. Ng5 Qc7 14. Rb1 e6 15. Ba3 Bf8 16. Bxf8 Kxf8 17. Qf4 Qxf4 18. gxf4 Nd5 19. e3 f6 20. Ne4 Kf7 21. Nd6+ Ke7 22. Nxc8+ Rxc8 23. Rxb7+ Rc7 24. Rxc7+ Nxc7 25. Bxc6 Kd6 26. Ba4 e5 27. fxe5+ Kxe5 28. d4+ Kd6 29. c4 g5 30. Ke2 f5 31. c5+ Ke7 32. Bb3 1-0

[Event "Vojvodina-chT 2nd League"]
[Site "Stari Banovci"]
[Date "2013.11.05"]
[Round "2"]
[White "Onjin, Branko"]
[Black "Mastrapovic, Vladimir"]
[Result "0-1"]
[WhiteElo "1987"]
[BlackElo "2280"]
[PlyCount "80"]
[EventDate "2013.11.03"]
[EventType "team-tourn"]
[EventRounds "11"]
[EventCountry "SRB"]
[SourceTitle "EXT 2015"]
[Source "ChessBase"]
[SourceDate "2014.11.20"]
[SourceVersion "1"]
[SourceVersionDate "2014.11.20"]
[SourceQuality "1"]

1. c4 Nf6 2. Nf3 g6 3. Nc3 d5 4. d4 Bg7 5. cxd5 Nxd5 6. e4 Nxc3 7. bxc3 c5 8. Be3 Qa5 9. Qb3 0-0 10. Be2 cxd4 11. Bxd4 Be6 12. Qb4 Nc6 13. Qxa5 Nxa5 14. 0-0 Rfc8 15. h3 Bh6 16. Rfd1 f6 17. Kf1 Kf7 18. Ke1 Rc7 19. Nd2 b6 20. Ba6 Bd7 21. e5 Ba4 22. Rdb1 Nc6 23. Bc4+ e6 24. Bb3 Bxb3 25. Rxb3 Bxd2+ 26. Kxd2 Rd8 27. Ke2 Rxd4 28. cxd4 Nxd4+ 29. Kd3 Nxb3 30. axb3 fxe5 31. Ra2 a5 32. Rb2 Kf6 33. b4 a4 34. b5 Rd7+ 35. Ke3 Rd4 36. Ra2 Rb4 37. Ke2 e4 38. h4 Ke5 39. Ke3 Rb3+ 40. Ke2 a3 0-1

[Event "SRB-chT2 Vojvodina League"]
[Site "Kac"]
[Date "2012.10.20"]
[Round "9"]
[White "Cabarkapa, Novak"]
[Black "Onjin, Branko"]
[Result "1-0"]
[WhiteElo "2244"]
[BlackElo "2005"]
[PlyCount "55"]
[EventDate "2012.10.14"]
[EventType "team-swiss"]
[EventRounds "11"]
[EventCountry "SRB"]
[SourceTitle "EXT 2015"]
[Source "ChessBase"]
[SourceDate "2014.11.20"]
[SourceVersion "1"]
[SourceVersionDate "2014.11.20"]
[SourceQuality "1"]

1. e4 e6 2. d3 Nf6 3. Nf3 d5 4. Nbd2 c5 5. g3 Nc6 6. Bg2 Be7 7. 0-0 0-0 8. e5 Nd7 9. Re1 b5 10. Nf1 Qc7 11. Bf4 a5 12. h4 Qb6 13. N1h2 Nd4 14. Nxd4 cxd4 15. h5 Bb4 16. Rf1 f6 17. exf6 Nxf6 18. h6 g6 19. Be5 Bd6 20. Nf3 Bxe5 21. Nxe5 Nd7 22. Qe2 Nxe5 23. Qxe5 Rf7 24. Rfe1 Raa7 25. Bxd5 Rae7 26. Be4 a4 27. a3 b4 28. Rab1 1-0

[Event "SRB-chT2 Vojvodina League"]
[Site "Kac"]
[Date "2012.10.17"]
[Round "5"]
[White "Onjin, Branko"]
[Black "Stupavski, Zdenko"]
[Result "0-1"]
[WhiteElo "2005"]
[BlackElo "2407"]
[PlyCount "70"]
[EventDate "2012.10.14"]
[EventType "team-swiss"]
[EventRounds "11"]
[EventCountry "SRB"]
[SourceTitle "EXT 2015"]
[Source "ChessBase"]
[SourceDate "2014.11.20"]
[SourceVersion "1"]
[SourceVersionDate "2014.11.20"]
[SourceQuality "1"]

1. c4 Nc6 2. Nc3 e5 3. Nf3 Nf6 4. g3 g6 5. Bg2 Bg7 6. 0-0 d6 7. d4 exd4 8. Nxd4 Bd7 9. Nxc6 Bxc6 10. Bxc6+ bxc6 11. Bg5 h6 12. Bxf6 Bxf6 13. Qd2 Bg7 14. Rac1 0-0 15. b4 Re8 16. a4 h5 17. b5 Qd7 18. e3 Bxc3 19. Rxc3 Re5 20. Qd4 Rc5 21. Rd1 Qe6 22. Rb1 Re8 23. bxc6 a6 24. Rb7 Rxc6 25. c5 Qe4 26. Qb4 Qf3 27. Rb8 Rxb8 28. Qxb8+ Kh7 29. Qe8 Rxc5 30. Rxc5 dxc5 31. Qd7 c6 32. Qd3 Qd5 33. Qxa6 c4 34. Qb7 c3 35. e4 Qc4 0-1

[Event "SRB-chT2 Vojvodina League"]
[Site "Kac"]
[Date "2012.10.14"]
[Round "1"]
[White "Onjin, Branko"]
[Black "Dumpor, Atif"]
[Result "0-1"]
[WhiteElo "2005"]
[BlackElo "2359"]
[PlyCount "62"]
[EventDate "2012.10.14"]
[EventType "team-swiss"]
[EventRounds "11"]
[EventCountry "SRB"]
[SourceTitle "EXT 2015"]
[Source "ChessBase"]
[SourceDate "2014.11.20"]
[SourceVersion "1"]
[SourceVersionDate "2014.11.20"]
[SourceQuality "1"]

1. c4 e5 2. Nc3 Nc6 3. Nf3 f5 4. d4 e4 5. Ng5 Nf6 6. g3 Be7 7. Bg2 0-0 8. 0-0 d5 9. cxd5 Nxd5 10. Nh3 Kh8 11. a3 Be6 12. Nxd5 Bxd5 13. Nf4 a5 14. Nxd5 Qxd5 15. e3 a4 16. Bd2 Na5 17. Bxa5 Qxa5 18. Rc1 Bd6 19. Rc2 b5 20. f3 exf3 21. Bxf3 Rae8 22. Qd3 b4 23. axb4 Qxb4 24. Bc6 Rb8 25. Re2 g6 26. e4 fxe4 27. Rxf8+ Rxf8 28. Bxe4 Kg7 29. Bc6 Rd8 30. Kg2 Bc5 31. d5 Rf8 0-1

[Event "Zrenjanin"]
[Site "Zrenjanin"]
[Date "2011.07.12"]
[Round "5"]
[White "Onjin, Branko"]
[Black "Strbac, Mladen"]
[Result "0-1"]
[WhiteElo "1994"]
[BlackElo "2236"]
[PlyCount "58"]
[EventDate "2011.07.08"]
[EventType "tourn"]
[EventRounds "9"]
[EventCountry "SRB"]
[SourceTitle "EXT 2013"]
[Source "ChessBase"]
[SourceDate "2012.11.22"]
[SourceVersion "1"]
[SourceVersionDate "2012.11.22"]
[SourceQuality "1"]

1. Nf3 d6 2. c4 e5 3. Nc3 f5 4. g3 Nf6 5. Bg2 Be7 6. 0-0 0-0 7. b3 Qe8 8. Bb2 Qh5 9. Nd5 Nxd5 10. cxd5 Nd7 11. Rc1 Bd8 12. e3 Nf6 13. d3 g5 14. Nd2 Qh6 15. Qe2 g4 16. f4 gxf3 17. Bxf3 Bd7 18. Rce1 Be7 19. Bc1 Qg6 20. Kg2 e4 21. dxe4 fxe4 22. Nxe4 Nxe4 23. Qc4 Ng5 24. Bg4 Bxg4 25. Qxg4 Rxf1 26. Rxf1 Rf8 27. Rxf8+ Bxf8 28. Qd1 Qe4+ 29. Kf2 Nh3+ 0-1

[Event "Zrenjanin"]
[Site "Zrenjanin"]
[Date "2011.07.11"]
[Round "4"]
[White "Perisic, Radivoj"]
[Black "Onjin, Branko"]
[Result "1-0"]
[WhiteElo "2312"]
[BlackElo "1994"]
[PlyCount "61"]
[EventDate "2011.07.08"]
[EventType "tourn"]
[EventRounds "9"]
[EventCountry "SRB"]
[SourceTitle "EXT 2013"]
[Source "ChessBase"]
[SourceDate "2012.11.22"]
[SourceVersion "1"]
[SourceVersionDate "2012.11.22"]
[SourceQuality "1"]

1. e4 e6 2. d4 d5 3. Nc3 Nf6 4. e5 Nfd7 5. f4 c5 6. Nf3 Nc6 7. Be3 Be7 8. Qd2 a6 9. dxc5 Bxc5 10. Bxc5 Nxc5 11. 0-0-0 b5 12. Qe3 Qb6 13. Ne2 Nd7 14. Ned4 Bb7 15. Bd3 Nb4 16. Kb1 g6 17. g4 Qa5 18. a3 Nxd3 19. cxd3 Qb6 20. f5 gxf5 21. gxf5 h6 22. Rc1 Rc8 23. Rxc8+ Bxc8 24. Rc1 Bb7 25. Rg1 b4 26. fxe6 fxe6 27. axb4 Kd8 28. Rg6 Re8 29. Qe1 Bc8 30. Rxh6 Kc7 31. h4 1-0